Touts les Pays Vainqueurs de L'EURO en 15 secondes - Statistiques

Statistiques générales
  • Ce quiz a été pris 120 fois
  • Le résultat moyen est 11 sur 17
Statistiques - réponses
Année Pays % Correct
2000 France
98%
1984 France
98%
2024 Espagne
89%
2012 Espagne
89%
2008 Espagne
89%
1964 Espagne
89%
2020 Italie
80%
1968 Italie
80%
1996 Allemagne
72%
1980 Allemagne
72%
1972 Allemagne
72%
2016 Portugal
63%
2004 Grèce
38%
1988 Pays Bas
31%
1960 Union Soviétique
31%
1992 Danemark
15%
1976 Tchécoslovaquie
14%
Aucun quiz correspondant
Distribution des résultats
% des personnes avec chaque résultat
Percentile par nombre de réponses
Votre historique - résultats
Vous n’avez pas pris ce quiz